000 01133naa a22003137a 4500
001 BR7806626
003 BR-BrBNA
005 20240918174239.0
007 ta
008 230509b bl.||||| |||| 00| 0 por d
040 _aBR-BrBNA
_bpor
_cBiblioteca Nacional de Agricultura
041 _a(Pt)
072 _aF30
_b2120
090 _aF30 BR7806626
100 1 _aSouza, S.P. de
100 1 _aBartholo, G.F.
100 1 _aMiranda, J.M. de
100 1 _aMelles, C.C.A.
111 1 _a6. Congresso Brasileiro de Pesquisas Cafeeiras
_cRibeirao Preto, SP (Brazil)
_d24 Oct 1978
245 1 _aCompeticao de linhagens do cafeeiro Catuai (Coffea arabica, L.)
260 3 _aRio de Janeiro, RJ (Brasil):
_c1978.
500 _aResumos do 6. Congresso Brasileiro de Pesquisas Cafeeiras Rio de Janeiro, RJ (Brasil): 1978. p. 295-297 (BR7806626-AM)F30
650 _aCAFE
650 _aCOMPETICAO DE VARIEDADE
650 _aLINHAGEM
773 0 _tResumos do 6. Congresso Brasileiro de Pesquisas Cafeeiras
_wF30 BR7806626
_gRio de Janeiro, RJ (Brasil), 1978. p. 295-297
909 _a202404
_bLucia
_c55
_dLucia Elande
942 _cAM
_2AGRIS
999 _c309858
_d309858